|
|
|
|
| LEADER |
00000cam a2200000 4500 |
| 001 |
vtls012254435 |
| 003 |
SK-MaSNL |
| 005 |
20260425225753.0 |
| 008 |
240411s2023 xo hodcgrn 001 0dslo |
| 015 |
|
|
|a SNBA2024/05
|
| 020 |
|
|
|a 9788097373054
|q (brožované)
|
| 040 |
|
|
|a SNK
|b slo
|c SNK
|e rda
|
| 041 |
0 |
|
|a slo
|
| 043 |
|
|
|a e-xo---
|
| 044 |
|
|
|a xo
|c SK
|
| 072 |
|
7 |
|a 630
|x Lesníctvo
|2 konspekt
|
| 080 |
|
|
|a 630
|2 2011
|
| 080 |
|
|
|a 630(091)
|2 2011
|
| 080 |
|
|
|a (437.642)
|2 2011
|
| 080 |
|
|
|a (048.8)
|2 2011
|
| 100 |
1 |
|
|a Barták, Július,
|d 1896-1959
|4 aut
|9 49102
|
| 245 |
1 |
0 |
|a Z minulosti štátneho lesného hospodárstva v okolí Banskej Bystrice a Starých Hôr
|c Július Barták ; autori textu: Július Barták, Július Burkovský, Jozef Jankov, Michal Riša
|
| 250 |
|
|
|a 2. doplnené vydanie
|
| 264 |
|
1 |
|a [Banská Bystrica]
|b Lesy SR š.p.
|a Zvolen
|b Lesnícke a drevárske múzeum
|c 2023
|
| 300 |
|
|
|a 220 strán
|b faksimile, fotografie (niektoré farebné), grafy, portréty
|c 24 cm
|
| 336 |
|
|
|a text
|b txt
|2 rdacontent
|
| 337 |
|
|
|a bez média
|b n
|2 rdamedia
|
| 338 |
|
|
|a zväzok
|b nc
|2 rdacarrier
|
| 366 |
|
|
|e 600 kusov
|
| 500 |
|
|
|a Na titulnom liste uvedené miesto a rok pôvodného vydania : V Banskej Bystrici 1929, Ultra print, s.r.o.
|
| 500 |
|
|
|a Obsahuje slovensko-český slovníček
|
| 500 |
|
|
|a Obsahuje biografické údaje o autorovi
|
| 500 |
|
|
|a Miesto vydania podľa NA ISBN
|
| 504 |
|
|
|a Obsahuje bibliografické odkazy a register
|
| 650 |
0 |
7 |
|a lesné hospodárstvo
|2 SNKPH
|9 1256
|
| 650 |
0 |
7 |
|a dejiny lesníctva
|2 SNKPH
|9 74601
|
| 650 |
0 |
7 |
|a Forest management
|2 SNKPHeng
|9 267353
|
| 650 |
0 |
7 |
|a History of forestry
|2 SNKPHeng
|9 328712
|
| 651 |
|
7 |
|a Banská Bystrica (Slovensko : okres)
|2 SNKPHgeo
|9 74246
|
| 651 |
|
7 |
|a Staré Hory (Slovensko)
|2 SNKPHgeo
|9 68725
|
| 651 |
|
7 |
|a Banská Bystrica (Slovensko)
|2 SNKPHeng
|9 22015
|
| 651 |
|
7 |
|a Banská Bystrica (Slovakia)
|2 SNKPHeng
|9 243794
|
| 651 |
|
7 |
|a Staré Hory (Slovakia)
|2 SNKPHeng
|9 399963
|
| 655 |
|
7 |
|a monografie
|2 SNKPH
|9 70139
|
| 655 |
|
7 |
|a Monographs
|2 SNKPHeng
|9 120675
|
| 700 |
1 |
|
|a Burkovský, Július,
|d 1939-
|4 aut
|9 104625
|
| 700 |
1 |
|
|a Jankov, Jozef
|4 aut
|9 407093
|
| 700 |
1 |
|
|a Riša, Michal
|4 aut
|9 407094
|
| 700 |
1 |
|
|a Gogola, Peter,
|d 1967-
|4 edt
|9 198358
|
| 700 |
1 |
|
|a Krákora, J.
|4 pht
|9 407095
|
| 700 |
1 |
|
|a Heizmann, O.
|4 pht
|9 407096
|
| 700 |
1 |
|
|a Lechnitzky, Oto
|4 pht
|9 407097
|
| 700 |
1 |
|
|a Schön
|4 pht
|9 407098
|
| 700 |
1 |
|
|a Genserek, Eduard
|4 pht
|9 320005
|
| 700 |
1 |
|
|a Gálová, Mária
|c (grafička)
|4 bkd
|9 245641
|
| 710 |
2 |
|
|a Mestské lesy (Banská Bystrica, Slovensko)
|4 pbl
|9 407099
|
| 852 |
|
|
|a Slovenská národná knižnica
|
| 919 |
|
|
|a 978-80-973730-5-4
|
| 954 |
|
|
|a odborná, vedecká literatúra pôvodná (slovenská)
|2 lita
|
| 958 |
|
|
|a NB
|
| 999 |
|
|
|c 658255
|d 660185
|
| 952 |
|
|
|a SNK
|b SNK
|y PREZ
|7 0
|p 17A1543501
|o snkSC 206017
|i snk2024/6336
|8 0
|0 0
|1 0
|4 0
|d 2024-04-22
|f 1
|l 0
|r 2025-10-29 00:00:00
|w 2026-02-23
|